01171nam a2200289Ia 4500001000400000002005100004008003700055010001100092530002200103583002900125650005800154650010000212650005700312650002700369650002700396650002600423650006500449650004600514650004300560650007300603650002500676700004400701700005300745700004500798942001900843999001900862IA_SITUACION ACTUAL DE LA PRODUCCION Y COMERCIALIZACI220117s xx 000 0 und d a187852 aDisponible en PDF a1 ej. impreso ; 2 ej. CD aCornx Industry and tradexMexicoxTamaulipas9163472 aDisease and pest management 1Grain sorghumxIndustry and tradexMexicoxTamaulipas 19163802 aEnfermedades y desórdenes de las plantas 9163473 aEstadística 938241 aFertilizantes 940447 aFertilizers 9151083 aMaízxIndustria y comercioxMéxicoxTamaulipas 9163475 aManejo de enfermedades y plagas 9151185 aPlant diseases and disorders 9163476 aSorgo en granoxIndustria y comercioxMéxicoxTamaulipas 9163477 aStatistics 91443111 aLópez Martínez, Juan Carlos9163803 aRamayo Ramírez, José Orlando, asesor91638041 aReyna Izaguirre, Diana América9147338 cTESIS H47 2019 c187852d187852